| 000 | 01221cam a2200313 a 4500 | ||
|---|---|---|---|
| 001 | 000018587 | ||
| 005 | 20200929165828.0 | ||
| 008 | 940711s1991 sp c b s000 p spa d | ||
| 020 | _a8477850763 | ||
| 035 | _a(DLC) 94181745 | ||
| 040 |
_aDO-SdBNP _bspa _cDLC _dBNGR |
||
| 082 |
_a861.6 _bC129P |
||
| 100 | 1 |
_aCaffarena, Ángel, _d1914- _940186 |
|
| 245 | 1 | 0 |
_aPoéticas y poemas / _cÁngel Caffarena, José Luis Cano, Francisco Giner de los Rios ; presentaciones y edición Juan Carlos Jurado. |
| 260 |
_aMálaga : _bCentro Cultural de la Generación del 27, _c[1991]. |
||
| 300 |
_a72 p. : _bil. ; _c22 cm. |
||
| 504 | _aIncluye referencias bibliográficas. | ||
| 650 | 4 |
_aPoesía española _ySIGLO XX _99197 |
|
| 650 | 4 |
_aPoetas españoles _ySIGLO XX _xBiografias _940187 |
|
| 650 | 4 |
_aPoetas españoles _xCrítica e interpretación _914275 |
|
| 650 | 4 |
_aLiteratura española _ySIGLO XX _93326 |
|
| 700 | 1 |
_aJurado, Juan Carlos, _eed. _940188 |
|
| 700 | 1 |
_aCaffarena, Ángel, _d1914- _940186 |
|
| 700 | 1 |
_aCano, José Luis. _98676 |
|
| 700 | 1 |
_aGiner de los Rios, Francisco, _d1917- _940189 |
|
| 710 | 1 |
_aCentro Cultural de la Generacion del 27. _940190 |
|
| 910 | _aCatalogación por derivada / LC | ||
| 049 | _aBNGR | ||
| 999 |
_c18107 _d18107 |
||